header

Leveraging food technology for obesity prevention and reduction effort (Record no. 241146)

MARC details
000 -LEADER
fixed length control field 01325nam a2200313 a 4500
245 00 - TITLE STATEMENT
Title Leveraging food technology for obesity prevention and reduction effort
260 ## - PUBLICATION, DISTRIBUTION, ETC. (IMPRINT)
Place of publication Washington, D.C. :
Name of publisher National Academies Press,
Year of publication 2011.
300 ## - PHYSICAL DESCRIPTION
Number of Pages xii, 106 p. :
Other physical details ill.
650 #0 - SUBJECT ADDED ENTRY--TOPICAL TERM
Topical Term Obesity
Topical Term Overweight persons
Topical Term Food industry and trade
700 1# - ADDED ENTRY--PERSONAL NAME
Personal name Pray, Leslie A.
Personal name Pillsbury, Laura,
856 40 - ELECTRONIC LOCATION AND ACCESS
Uniform Resource Identifier http://site.ebrary.com/lib/rucke/Doc?id=10495448

No items available.

© 2026 Rongo University
Contact us: librarian | system librarian | Rongo university